000 00525nam a2200205Ia 4500
005 20250923144703.0
008 008 250917s9999 xx 000 0 eng d
037 _aTextual
040 _aDSWL
_beng
_cDSWL
041 _aeng
_2eng
084 _qDSWL
100 _aJosey, Alex
_9827381
245 0 _aTrade unionism in Malaya
_cby Alex Josey
260 _aSingapur
_b Donald Moon Ltd.
_c1958
300 _a116p.
365 _aUSD
_b2.75
925 _g2.75
942 _cTEXL
999 _c1442047
_d1442047